[Event "Mumbai Wealth U13 op 5th"]
[Site "Mumbai"]
[Date "2020.01.06"]
[Round "8"]
[White "Balkawade, Om"]
[Black "Tikam, Aradhya"]
[Result "0-1"]
[WhiteElo "1212"]
[BlackElo "1446"]
[PlyCount "118"]
[EventDate "2019.12.30"]
[EventType "swiss"]
[EventRounds "9"]
[EventCountry "IND"]
[SourceTitle "CBM 194 Extra"]
[Source "ChessBase"]
[SourceDate "2020.03.31"]
[SourceVersion "1"]
[SourceVersionDate "2020.03.31"]
[SourceQuality "1"]

1. e4 c5 2. Nf3 d6 3. d4 cxd4 4. Nxd4 Nf6 5. Nc3 a6 6. Bg5 e5 7. Nf3 Be7 8. Bc4 Nbd7 9. 0-0 b5 10. Bd3 Bb7 11. a3 h6 12. Bxf6 Nxf6 13. Qe2 0-0 14. Rfe1 Qc7 15. h3 Rfe8 16. Nd2 Bf8 17. Nf1 d5 18. Ng3 Rac8 19. exd5 Nxd5 20. Nxd5 Bxd5 21. Bf5 Rcd8 22. c3 Qc4 23. Bd3 Qf4 24. Ne4 Bxe4 25. Qxe4 Qxe4 26. Bxe4 Rd2 27. Rab1 Bc5 28. Rf1 g6 29. g4 Re6 30. b4 Bb6 31. Rbc1 Rf6 32. Rc2 Rxc2 33. Bxc2 Rf3 34. Be4 Rxc3 35. Ra1 Bd4 36. Ra2 Rc7 37. Kg2 Kf8 38. a4 Rc4 39. axb5 axb5 40. Ra8+ Kg7 41. Rb8 Rxb4 42. Bc6 Rb2 43. Rxb5 Rxf2+ 44. Kg3 Rc2 45. Ba8 Ra2 46. Bd5 Ra3+ 47. Kg2 Ra7 48. Be4 Kf6 49. Rb3 Ra2+ 50. Kg3 Re2 51. Kf3 Rf2+ 52. Kg3 Rf4 53. Bd5 h5 54. Bf3 h4+ 55. Kg2 e4 56. g5+ Kxg5 57. Bg4 f5 58. Rb5 Rf2+ 59. Kh1 Kf4 0-1